| 000 | 00945nam a22002537a 4500 | ||
|---|---|---|---|
| 005 | 2009092204464.0 | ||
| 008 | 090922t xxu||||| |||| 00| 0 eng d | ||
| 010 | _aB-358139 | ||
| 020 |
_a8188540269 _c200.00 |
||
| 035 | _aB-358139 | ||
| 037 | _bDBAD / PUB | ||
| 040 |
_adpl _bEnglish |
||
| 082 | _aS | ||
| 100 | _aTwain, Mark | ||
| 245 |
_aThe adventures of Huckleberry Finn / _cby Mark Twain; edited & compiled by Reema Prashar; illustrated by Shankar Nayak |
||
| 260 |
_aDelhi _bR.K. Publishers & Distributors _c2007 |
||
| 270 |
_aL-45, Gali No.5 Shivaji Marg, Kartar Nagar, _bDelhi _e110053 |
||
| 300 |
_a176p.: _bill. _c22cm(Hb) |
||
| 490 | _aSliver bell children classics | ||
| 700 | _aPrashar, Reema | ||
| 700 | _aNayak, Shankar | ||
| 942 |
_2ddc _cCH _hS _mTWA |
||
| 999 |
_c30526 _d30526 |
||